Loading...
| Science - Biology | 0 | 3 | 1 | 2 | 25 | 108 | 130.67 | 0 | 3 |
| Literature - British Literature | 0 | 2 | 0 | 1 | 20 | 138 | 150.00 | 0 | 2 |
| Beliefs | 0 | 1 | 0 | 0 | 10 | 149 | 149.00 | 0 | 1 |
| World and Other Literature | 0 | 1 | 0 | 0 | 10 | 136 | 136.00 | 1 | 1 |
| Social Science | 0 | 1 | 0 | 0 | 10 | 141 | 141.00 | 0 | 1 |
| Science - Chemistry | 0 | 1 | 0 | 0 | 10 | 105 | 105.00 | 0 | 1 |
| Literature - American Literature | 0 | 1 | 0 | 0 | 10 | 74 | 74.00 | 0 | 1 |
| Other Science: Earth Science | 0 | 1 | 0 | 0 | 10 | 132 | 132.00 | 0 | 1 |
| Literature - European Literature | 0 | 1 | 0 | 0 | 10 | 139 | 139.00 | 0 | 1 |
| Other Science: Astronomy | 0 | 1 | 0 | 1 | 10 | 138 | 138.00 | 0 | 1 |
| Literature - European Literature | 0 | 0 | 0 | 0 | 0 | 0.00 | 0 | 0 | |
| Fine Arts - Auditory Fine Arts | 0 | 0 | 0 | 0 | 0 | 0.00 | 0 | 0 | |
| Ancient History and Archaeology | 0 | 0 | 1 | 0 | -5 | 0.00 | 0 | 0 | |
| Ancient History and Archaeology | 0 | 0 | 1 | 0 | -5 | 0.00 | 0 | 0 | |
| Science - Biology | 0 | 0 | 1 | 0 | -5 | 0.00 | 0 | 0 | |
| History - European History | 0 | 0 | 1 | 0 | -5 | 0.00 | 0 | 0 | |
| Science - Chemistry | 0 | 0 | 1 | 0 | -5 | 0.00 | 0 | 0 | |
| Science - Physics | 0 | 0 | 1 | 0 | -5 | 0.00 | 0 | 0 | |
| Fine Arts - Visual Fine Arts | 0 | 0 | 1 | 0 | -5 | 0.00 | 0 | 0 | |
| History - World History | 0 | 0 | 2 | 0 | -10 | 0.00 | 0 | 0 |